LEADER 02492nam 2200721Ia 450 001 9910968612203321 005 20240910214528.0 010 $a9781350206281 010 $a1350206288 010 $a9781783193189 010 $a1783193182 024 7 $a10.5040/9781350206281.00000011 035 $a(CKB)3820000000019666 035 $a(MiAaPQ)EBC4464624 035 $a(MiAaPQ)EBC5511688 035 $a(OCoLC)1255459845 035 $a(OCoLC)1255459993 035 $a(OCoLC)1255459846 035 $a(OCoLC)1467822265 035 $a(UkLoBP)BP9781350206281DO 035 $a(Perlego)1812406 035 $a(EXLCZ)993820000000019666 100 $a20160926d2016 uy d 101 0 $aeng 135 $aurcnu|||||||| 181 $2rdacontent 182 $2rdamedia 183 $2rdacarrier 200 10$aAtypical plays for atypical actors $eselected plays /$fby Kaite O'Reilly 205 $aFirst edition 210 1$aLondon :$cBloomsbury Publishing,$d2016. 215 $a1 online resource (242 pages) 225 1 $aOberon Modern Playwrights 311 08$a9781783193172 311 08$a1783193174 327 $aCosy; peeling; the 9 Fridas; The Almond and the Seahorse 330 $a"The performance text the 9 Fridas is a complex mosaic offering multiple representations of arguably the world's most famous female artist, Frida Kahlo, reclaiming her as a disability icon. Performed in Mandarin translation, it was the closing production of the 2014 Taipei Art Festival and will transfer to Hong Kong in October 2016. It is currently being translated into German, Hindi, and Spanish"--About the play. 410 0$aOberon Modern Playwrights. 606 $aActresses$vDrama 606 $aBrain damage$xPatients$vDrama 606 $aMemory disorders$vDrama 606 $aOlder people$vDrama 606 $aPainters$zMexico$vDrama 606 $aPeople with disabilities$vDrama 606 $aWar$vDrama 606 $aWoman painters$zMexico$vDrama 608 $aDrama.$2lcgft 615 0$aActresses 615 0$aBrain damage$xPatients 615 0$aMemory disorders 615 0$aOlder people 615 0$aPainters 615 0$aPeople with disabilities 615 0$aWar 615 0$aWoman painters 676 $a822.92 700 $aO'Reilly$b Kaite$01796260 801 0$bUkLoBP 801 1$bUkLoBP 906 $aBOOK 912 $a9910968612203321 996 $aAtypical plays for atypical actors$94337953 997 $aUNINA LEADER 03552oas 2201201 a 450 001 9910145513403321 005 20250911213016.0 011 $a1873-7870 035 $a(DE-599)ZDB2013444-7 035 $a(DE-599)2013444-7 035 $a(OCoLC)38945723 035 $a(CONSER) 2002238921 035 $a(CKB)954925476480 035 $a(EXLCZ)99954925476480 100 $a19980414a19789999 sy 101 0 $aeng 135 $aurcn||||||||| 181 $ctxt$2rdacontent 182 $cc$2rdamedia 183 $acr$2rdacarrier 200 10$aEvaluation and program planning 210 $a[Oxford] ;$a[New York] $cPergamon Press 300 $aRefereed/Peer-reviewed 300 $aAs of viewing (Sept. 19, 2002)--some issue in coverage range not yet available online. 311 08$a0149-7189 606 $aEvaluation research (Social action programs)$vPeriodicals 606 $aHealth planning 606 $aSystem analysis 606 $aEvaluation research (Social action programs)$xPeriodicals 606 $aHealth planning$xPeriodicals 606 $aSystem analysis$vPeriodicals 606 $aEvaluation Studies as Topic 606 $aHealth Planning 606 $aSystems Analysis 606 $aRecherche e?valuative (Programmes d'action sociale)$xPe?riodiques 606 $aSante? publique$xPlanification$xPe?riodiques 606 $aAnalyse de syste?mes$xPe?riodiques 606 $aSante? publique$xPlanification 606 $aAnalyse de syste?mes 606 $asystems analysis$2aat 606 $aSystem analysis$2fast$3(OCoLC)fst01141385 606 $aHealth planning$2fast$3(OCoLC)fst00953159 606 $aEvaluation research (Social action programs)$2fast$3(OCoLC)fst00916979 608 $aPeriodical. 608 $aperiodicals.$2aat 608 $aPeriodicals.$2fast 608 $aPeriodicals.$2lcgft 608 $aPe?riodiques.$2rvmgf 615 0$aEvaluation research (Social action programs) 615 0$aHealth planning. 615 0$aSystem analysis. 615 0$aEvaluation research (Social action programs)$xPeriodicals. 615 0$aHealth planning$xPeriodicals. 615 0$aSystem analysis 615 2$aEvaluation Studies as Topic. 615 2$aHealth Planning. 615 2$aSystems Analysis. 615 6$aRecherche e?valuative (Programmes d'action sociale)$xPe?riodiques. 615 6$aSante? publique$xPlanification$xPe?riodiques. 615 6$aAnalyse de syste?mes$xPe?riodiques. 615 6$aSante? publique$xPlanification. 615 6$aAnalyse de syste?mes. 615 7$asystems analysis. 615 7$aSystem analysis. 615 7$aHealth planning. 615 7$aEvaluation research (Social action programs) 801 0$bOH1 801 1$bOH1 801 2$bOCL 801 2$bOCLCQ 801 2$bIUL 801 2$bOCLCQ 801 2$bU9S 801 2$bUKMGB 801 2$bCUD 801 2$bOCLCQ 801 2$bOCLCO 801 2$bOCLCQ 801 2$bOCLCF 801 2$bOCLCQ 801 2$bUAB 801 2$bZ5A 801 2$bLIP 801 2$bOCLCO 801 2$bOCLCQ 801 2$bNLE 801 2$bBUF 801 2$bEZC 801 2$bU3W 801 2$bWYU 801 2$bAUD 801 2$bVT2 801 2$bCGU 801 2$bNJT 801 2$bOCLCO 801 2$bOCLCQ 801 2$bOCLCO 801 2$bOCLCQ 801 2$bOCL 906 $aJOURNAL 912 $a9910145513403321 996 $aEvaluation and program planning$91897592 997 $aUNINA